[Event "Sitges Sunway op 10th"]
[Site "Sitges"]
[Date "2023.12.12"]
[Round "1"]
[White "Fernandez Guillen, Ernesto J"]
[Black "Botiraliev, Abdumajid"]
[Result "1-0"]
[WhiteElo "2462"]
[BlackElo "1986"]
[PlyCount "91"]
[EventDate "2023.12.12"]
[EventType "swiss"]
[EventRounds "10"]
[EventCountry "ESP"]
[SourceTitle "CB52_2023"]
[SourceDate "2023.12.27"]
[SourceVersion "1"]
[SourceVersionDate "2023.12.27"]
[SourceQuality "1"]

1. Nf3 d5 2. g3 Nd7 3. d4 Nb6 4. Bg2 Bf5 5. 0-0 h6 6. Ne5 c6 7. Nd2 Nf6 8. c4 e6 9. Qb3 Rb8 10. Ndf3 dxc4 11. Nxc4 Nxc4 12. Qxc4 Be4 13. Bf4 Bd6 14. Bxd6 Qxd6 15. Rfd1 0-0 16. Rac1 Rfd8 17. a3 a6 18. Ne5 Bxg2 19. Kxg2 Qd5+ 20. f3 Qb5 21. b4 Nd5 22. Kf2 f6 23. Nd3 Qxc4 24. Rxc4 Nc7 25. e3 Kf7 26. Ke2 Ke7 27. Rdc1 Ra8 28. Nc5 Rdb8 29. Nb3 Nb5 30. a4 Nd6 31. R4c2 Rc8 32. e4 Rc7 33. d5 Rac8 34. Nd4 e5 35. Ne6 Rd7 36. Nxg7 Rg8 37. Ne6 cxd5 38. exd5 Ne8 39. Nc5 Rxd5 40. Nxb7 f5 41. Rc5 Nf6 42. Rc7+ Rd7 43. Rxd7+ Nxd7 44. Rc7 Rg6 45. Nc5 Rd6 46. g4 1-0

[Event "World ol U16"]
[Site "Nakhchivan"]
[Date "2022.10.09"]
[Round "8.1"]
[White "Botiraliev, Abdumajid"]
[Black "Aydin, Gulenay"]
[Result "0-1"]
[WhiteElo "1762"]
[BlackElo "2196"]
[PlyCount "80"]
[EventDate "2022.10.02"]
[EventType "team-swiss"]
[EventRounds "9"]
[EventCountry "AZE"]
[SourceTitle "CBM 210 Extra"]
[Source "ChessBase"]
[SourceDate "2022.11.30"]
[SourceVersion "1"]
[SourceVersionDate "2022.11.30"]
[SourceQuality "1"]
[WhiteTeam "Uzbekistan II"]
[BlackTeam "Turkey Red"]
[WhiteTeamCountry "UZB"]
[BlackTeamCountry "TUR"]

1. e4 c6 2. Nc3 d5 3. Nf3 dxe4 4. Nxe4 Nf6 5. Qe2 Nxe4 6. Qxe4 Nd7 7. Bc4 Nf6 8. Ne5 e6 9. Qe2 Be7 10. 0-0 0-0 11. Rd1 Qc7 12. d4 b5 13. Bd3 Bb7 14. Bf4 Qb6 15. a4 a6 16. c4 bxc4 17. Nxc4 Qa7 18. Rab1 a5 19. Rbc1 Rac8 20. h3 Rfd8 21. Be5 Ba6 22. Nd6 Bxd6 23. Bxa6 Rc7 24. Bxf6 gxf6 25. Bc4 f5 26. Rc3 Kh8 27. Ba2 Rcc8 28. Bb1 Qe7 29. Qf3 Qd7 30. Qd3 Rg8 31. Kf1 Bb4 32. Rc4 Qd5 33. f3 Qd8 34. b3 Qh4 35. Rdc1 Rxg2 36. Kxg2 Rg8+ 37. Kf1 Qxh3+ 38. Kf2 Rg2+ 39. Ke3 Qh6+ 40. f4 Qh3# 0-1

[Event "Wch U10"]
[Site "Batumi"]
[Date "2022.09.25"]
[Round "9"]
[White "Botiraliev, Abdumajid"]
[Black "Bulgak, Damir"]
[Result "1-0"]
[WhiteElo "1762"]
[BlackElo "1440"]
[PlyCount "89"]
[EventDate "2022.09.16"]
[EventType "swiss"]
[EventRounds "11"]
[EventCountry "GEO"]
[SourceTitle "EXT 2023"]
[Source "ChessBase"]
[SourceDate "2022.10.05"]
[SourceVersion "1"]
[SourceVersionDate "2022.10.05"]
[SourceQuality "1"]

1. d4 Nf6 2. Nf3 g6 3. Bg5 Bg7 4. Nbd2 0-0 5. c3 d6 6. e4 Qe8 7. Be2 e5 8. dxe5 dxe5 9. 0-0 Nc6 10. Qc2 Nh5 11. Rfe1 Be6 12. Bf1 Nf4 13. b4 h6 14. Bh4 g5 15. Bg3 Rd8 16. Nc4 Bg4 17. Nfd2 Ne7 18. a4 Neg6 19. f3 Be6 20. Bf2 b6 21. a5 g4 22. fxg4 Bxg4 23. axb6 axb6 24. Ra7 Rd7 25. Ne3 Be6 26. Nf3 Qc8 27. Nf5 Rfd8 28. Rea1 Bf8 29. g3 Nh5 30. Be3 c5 31. b5 Rxa7 32. Rxa7 Nf6 33. Nxh6+ Bxh6 34. Bxh6 Ng4 35. Bc1 c4 36. Ra1 Qc5+ 37. Kg2 Qxb5 38. h3 Nf6 39. Ng5 Bd7 40. Be3 Bc6 41. Rb1 Qa6 42. Rxb6 Qa8 43. Bxc4 Nxe4 44. Rxc6 Nxg5 45. Qxg6+ 1-0